书目信息 |
| 题名: |
水中颗粒物的检测及应用
|
|
| 作者: | 杨艳玲 , 李星 , 李圭白 编著 | |
| 分册: | ||
| 出版信息: | 北京 化学工业出版社 2007 |
|
| 页数: | 198页 | |
| 开本: | 26cm | |
| 丛书名: | ||
| 单 册: | ||
| 中图分类: | X832 | |
| 科图分类: | ||
| 主题词: | 颗粒物质--水质监测 | |
| 电子资源: | ||
| ISBN: | 978-7-122-00993-7 | |
| 000 | 00925nam0 2200277 450 | |
| 001 | 012004179831 | |
| 005 | 20080303093856.06 | |
| 009 | 012004179831 | |
| 010 | @a978-7-122-00993-7@dCNY39.00 | |
| 035 | @a(110120)012007039569 | |
| 100 | @a20071018d2007 em y0chiy0110 ea | |
| 101 | 0 | @achi |
| 102 | @aCN@b110000 | |
| 105 | @aa z 000yy | |
| 106 | @ar | |
| 200 | 1 | @a水中颗粒物的检测及应用@Ashui zhong ke li wu de jian ce ji ying yong@f杨艳玲,李星,李圭白编著 |
| 210 | @a北京@c化学工业出版社@d2007 | |
| 215 | @a198页@c图@d26cm | |
| 330 | @a本书结合水处理工程的实际需求,从颗粒物的基本性质出发,论述了水中颗粒物群某些特性的检测方法和原理,并介绍了检测参数在水处理领域应用的最新成果。 | |
| 606 | 0 | @a颗粒物质@x水质监测 |
| 690 | @aX832@v4 | |
| 701 | 0 | @a杨艳玲@Ayang yan ling@4编著 |
| 701 | 0 | @a李星@Ali xing@4编著 |
| 701 | 0 | @a李圭白@Ali gui bai@4编著 |
| 801 | 0 | @aCN@b110120@c20080303 |
| 905 | @dX832@e132@f4 | |
| 水中颗粒物的检测及应用/杨艳玲,李星,李圭白编著.-北京:化学工业出版社,2007 |
| 198页:图;26cm |
| ISBN 978-7-122-00993-7:CNY39.00 |
| 本书结合水处理工程的实际需求,从颗粒物的基本性质出发,论述了水中颗粒物群某些特性的检测方法和原理,并介绍了检测参数在水处理领域应用的最新成果。 |
| ● |
| 相关链接 |
|
|
|
|
正题名:水中颗粒物的检测及应用
索取号:X832/132
 
预约/预借
| 序号 | 登录号 | 条形码 | 馆藏地/架位号 | 状态 | 备注 |
| 1 | 0614699 | 206146990 | 第二样本阅览室/ [索取号:X832/132] | 在馆 | |
| 2 | 0614700 | 206147007 | 第三借阅区/ [索取号:X832/132] | 在馆 | |
| 3 | 0614701 | 206147016 | 第三借阅区/ [索取号:X832/132] | 在馆 | |
| 4 | 0614702 | 206147025 | 第三借阅区/ [索取号:X832/132] | 在馆 |